书目信息 |
| 题名: |
电子自旋共振波谱基本原理
|
|
| 作者: | 徐广智 编著 | |
| 分册: | ||
| 出版信息: | 北京 科学出版社 1978 |
|
| 页数: | 231页 | |
| 开本: | 19cm | |
| 丛书名: | ||
| 单 册: | ||
| 中图分类: | O321 | |
| 科图分类: | ||
| 主题词: | 电子自旋共振谱法 , 振动理论 | |
| 电子资源: | ||
| ISBN: | ||
| 000 | 00610nam0 2200229 45 | |
| 001 | 0178006230 | |
| 005 | 20060819081600.07 | |
| 010 | @dCNY0.95 | |
| 091 | @a13031.770 | |
| 100 | @a19950727d1978 em y0chiy0121 ea | |
| 101 | 0 | @achi |
| 102 | @aCN@b110000 | |
| 105 | @ay z 000yy | |
| 200 | 10 | @a电子自旋共振波谱基本原理@Adian zi zi xuan gong zhen bo pu ji ben yuan li@f徐广智编著 |
| 210 | @a北京@c科学出版社@d1978 | |
| 215 | @a231页@d19cm | |
| 606 | @a电子自旋共振谱法 | |
| 606 | 0 | @a振动理论 |
| 690 | @aO321@v3 | |
| 701 | 0 | @a徐广智@Axu guang zhi@4编著 |
| 801 | 0 | @aCN@bNLC@c20060819 |
| 905 | @dO321@e1 | |
| 电子自旋共振波谱基本原理/徐广智编著.-北京:科学出版社,1978 |
| 231页;19cm |
| ISBN :CNY0.95 |
| ● |
| 相关链接 |
|
|
|
|
正题名:电子自旋共振波谱基本原理
索取号:O321/1
 
预约/预借
| 序号 | 登录号 | 条形码 | 馆藏地/架位号 | 状态 | 备注 |
| 1 | 0009012 | 000384024 | 第三借阅区/ [索取号:O321/1] | 在馆 | |
| 2 | 0009013 | 000384015 | 第三借阅区/ [索取号:O321/1] | 在馆 | |
| 3 | 0468808 | 204688089 | 密集书库/ [索取号:O321/1] | 在馆 |